000 00596nam a22001817a 4500
008 150904b xxu||||| |||| 00| 0 eng d
020 _a9780743296229
050 _aQH367.3.B44 2008
100 _aBehe, Michael J. Dr.
_919290
245 _aThe Edge of Evolution
_bthe search for the limits of Darwinism
_cDr. Michael J. Behe
260 _aNew York
_bFree Press
_c2008
300 _aix, 320p. ;
_c22cm.
650 _aEvolution (Biology)
_910545
650 _aMolecular evolution
_97531
650 _aGenetics
_914696
650 _aIntelligent design (Teleology)
_919291
942 _2lcc
_cMONOGRAPH
999 _c123226
_d123226